|
|
|
|
| LEADER |
00748 a2200205 4500 |
| 008 |
141101b xxu||||| |||| 00| 0 eng d |
| 020 |
|
|
|a 0521552273
|
| 082 |
|
|
|a 936
|
| 100 |
|
|
|a Kristiansen,Kristian.
|
| 245 |
|
|
|a Europe before history /
|c Kristian Kristiansen.
|
| 260 |
|
|
|c 1998.
|b Cambridge University press,
|a Cambridge :
|
| 300 |
|
|
|a xxix,505 p.:
|b ill.;25 cm.
|
| 490 |
|
|
|a New studies in archaeology.
|
| 500 |
|
|
|a Includes bibliographical references and index.
|
| 650 |
|
|
|a Europe
|x Antiquities.
|
| 650 |
|
|
|a Europe
|x Bronze age.
|
| 650 |
|
|
|a Europe
|x Iron age.
|
| 942 |
|
|
|2 ddc
|c BK
|
| 999 |
|
|
|c 102641
|d 102641
|
| 952 |
|
|
|0 0
|1 0
|4 0
|6 936_000000000000000_KRI_E
|7 0
|9 103381
|a UL
|b UL
|c REF
|d 2013-09-23
|e 2
|g 3934.70
|l 0
|o 936 KRI/E
|p 90970
|r 2014-02-13
|v 5390.00
|y REF
|